MARC

LEADER 00000nas1a2200000 4500
001 380362
005 20231101062648.0
035 |a (RuTPU)RU\TPU\prd\1301 
035 |a RU\TPU\prd\33 
090 |a 380362 
100 |a 20020211a18691931k y0rusy50 ca 
101 0 |a rus 
102 |a RU 
110 |a ayaz|||0uu0 
200 1 |a Журнал Русского физико-химического общества  |f Ленинградский Университет 
210 |a Л.  |c Государственное изд-во  |d 1919-1931 
305 |a Издается с 1869 г. 
430 1 |0 (RuTPU)RU\TPU\prd\168  |t Журнал русскаго химическаго общества  |c СПб.  |n Типография В. Демакова  |d 1869-1872 
430 1 |0 (RuTPU)RU\TPU\prd\694  |t Журнал Русскаго химическаго общества и физическаго общества  |f Императорский Санкт-Петербургский Университет  |c СПб.  |n Типография В. Демакова  |d 1873-1878 
430 1 |0 (RuTPU)RU\TPU\prd\695  |t Журнал Русскаго физико-химическаго общества  |f Государственный Петроградский Университет  |c Петроград  |n Типография Э. Ф. Меке  |d 1879-1917 
440 1 |0 (RuTPU)RU\TPU\prd\1443  |x 0044-4510  |t Журнал экспериментальной и теоретической физики  |l ЖЭТФ  |f Российская академия наук (РАН) ; Отделение физических наук РАН  |c М.  |n Наука  |d 1931- 
440 1 |0 (RuTPU)RU\TPU\prd\161  |x 0044-460X  |t Журнал общей химии  |f Российская академия наук (РАН) ; Отделение химии и наук о материалах РАН  |c СПб.  |n Наука  |d 1931- 
517 1 |a Журнал Русскаго физико-химическаго общества 
610 1 |a химия 
610 1 |a физика 
610 1 |a химическое общество 
610 1 |a физическое общество 
712 0 2 |a Ленинградский Университет 
801 0 |a RU  |b 63413507  |c 20011210  |g PSBO 
801 2 |a RU  |b 63413507  |c 20141007  |g PSBO 
942 |c CR